Primi 15 paesi interessati da Covid-19 - 11 giugno - Statistics

Statistiche generali
  • Questo quiz è stato fatto 6 volte
  • Il punteggio medio è 11 su 26
Statistiche sulle risposte
nazione % Corretto
Francia
100%
Italia
100%
Stati Uniti
100%
Brasile
80%
Germania
80%
Russia
80%
Cile
60%
Cile
60%
Messico
60%
Regno Unito
60%
Spagna
60%
Belgio
40%
India
40%
Pakistan
40%
Singapore
40%
Svezia
40%
Turchia
40%
Iran
20%
Perù
20%
Armenia
0%
Bahrain
0%
Bielorussia
0%
Irlanda
0%
Kuwait
0%
Panama
0%
Qatar
0%
Nessun quiz corrispondente trovato
Distribuzione punteggi
Percentuale di utenti per punteggio
Percentile per numero di risposta
I tuoi punteggi nel tempo
Non hai fatto questo quiz